Nouvelles ECE news

Enregistré dans:
Détails bibliographiques
Format: Publication en série
Langue:français
Publié: Genéve Nations Unies 1966
Tags: Ajouter un tag
Pas de tags, Soyez le premier à ajouter un tag!

MARC

LEADER 00000nas2a2200000$$$4500
001 0015607
005 20250730114337.1
041 0 |a fre 
044 |a CH 
245 1 0 |a Nouvelles  |b ECE news 
264 1 |a Genéve  |b Nations Unies  |c 1966 
300 |a 1 zv. 
773 0 |w eu_un_cat*0015606